I'm scared to witness!: (Record no. 13163)

000 -LEADER
fixed length control field 00609nam a2200193 a 4500
001 - CONTROL NUMBER
control field :::00010981$&:&@@
003 - CONTROL NUMBER IDENTIFIER
control field OkBaRHE
005 - DATE AND TIME OF LATEST TRANSACTION
control field 20000607103404.0
008 - FIXED-LENGTH DATA ELEMENTS--GENERAL INFORMATION
fixed length control field s1979 j 000 0 eng u
040 ## - CATALOGING SOURCE
Transcribing agency
100 1# - MAIN ENTRY--PERSONAL NAME
Personal name Bonnici, Roberta.
245 10 - TITLE STATEMENT
Title I'm scared to witness!:
Remainder of title handbook for teens.
260 ## - PUBLICATION, DISTRIBUTION, ETC. (IMPRINT)
Place of publication, distribution, etc Springfield, MO., :
Name of publisher, distributor, etc Gospel Publishing House
Date of publication, distribution, etc c1979
300 ## - PHYSICAL DESCRIPTION
Extent 46 p. ;
Dimensions 18 cm.
650 ## - SUBJECT ADDED ENTRY--TOPICAL TERM
Topical term or geographic name as entry element Evangelistic Work
650 ## - SUBJECT ADDED ENTRY--TOPICAL TERM
Topical term or geographic name as entry element Witness Bearing (Christianity)
942 ## - ADDED ENTRY ELEMENTS (KOHA)
Source of classification or shelving scheme
Koha item type Books
Copies
Copy number Damaged status Date acquired Not for loan Full call number Koha item type Date last seen Source of classification or shelving scheme Shelving location Barcode Permanent Location Withdrawn status Price effective from Lost status
1 2010-04-14 BV 4520 .B6Books2010-04-14 General Stacks10981RHEMA Bible Training College 2010-04-14